|
|
|
|
| LEADER |
00000nam0a2200000 4500 |
| 001 |
62917 |
| 005 |
20231031063905.0 |
| 010 |
|
|
|a 5738301676
|
| 035 |
|
|
|a (RuTPU)RU\TPU\book\66738
|
| 090 |
|
|
|a 62917
|
| 100 |
|
|
|a 20040422d2001 m y0rusy50 ca
|
| 101 |
0 |
|
|a rus
|
| 102 |
|
|
|a RU
|
| 105 |
|
|
|a y j 001zy
|
| 200 |
1 |
|
|a Концептуальные основы оценки экологического риска
|e учебное пособие
|f В. В. Меньшиков
|
| 210 |
|
|
|a Москва
|c Изд-во МНЭПУ
|d 2001
|
| 215 |
|
|
|a 43 с.
|
| 320 |
|
|
|a Библиогр.: с. 41-43.
|
| 610 |
1 |
|
|a экология
|
| 610 |
1 |
|
|a экологические риски
|
| 610 |
1 |
|
|a оценка
|
| 610 |
1 |
|
|a техногенные воздействия
|
| 610 |
1 |
|
|a экологическая политика
|
| 610 |
1 |
|
|a США
|
| 610 |
1 |
|
|a биосфера
|
| 610 |
1 |
|
|a химические загрязнители
|
| 610 |
1 |
|
|a учебные пособия
|
| 675 |
|
|
|a 504.064(075.8)
|v 3
|
| 700 |
|
1 |
|a Меньшиков
|b В. В.
|g Валерий Викторович
|
| 712 |
0 |
2 |
|a Международный независимый эколого-политологический университет
|2 stltpush
|3 (RuTPU)RU\TPU\col\2792
|
| 801 |
|
1 |
|a RU
|b 63413507
|c 20040422
|g PSBO
|
| 801 |
|
2 |
|a RU
|b 63413507
|c 20080406
|g PSBO
|
| 942 |
|
|
|c BK
|